000 00498nam a2200229Ia 4500
003 IT-RoPAU
008 120407s9999 xx 000 0 und d
040 _aIT-RoPAU
040 _cIT-RoPAU
041 _aita
100 _aGiorgio Jossa
245 _aDal Messia al Cristo. Le origini della cristologia
250 _aBrescia
260 _aPaideia
260 _c1989
300 _a193 p.
300 _c21 cm
490 _aStudi biblici
490 _v88
942 _cBK
999 _c28041
_d28041